| 000 | 00655nam a22002177a 4500 | ||
|---|---|---|---|
| 003 | OSt | ||
| 005 | 20220218124155.0 | ||
| 008 | 220218b |||||||| |||| 00| 0 eng d | ||
| 020 | _a9789401058933 | ||
| 082 |
_a511.3223 _bF98F |
||
| 245 |
_aFuzzy algorithms for control _cedited by H.B. Verbruggen |
||
| 260 |
_aNew York _bSpringer _c1999 |
||
| 300 |
_axiv, 352p. _bPaperback |
||
| 500 | _aUGC Start-Up Research Grant: Mathematics Project | ||
| 653 | _aFuzzy algorithms | ||
| 653 | _aLogic, Symbolic and mathematical | ||
| 653 | _aMathematical optimization | ||
| 700 |
_aZimmermann, H.J. _eEditor |
||
| 700 |
_aBabuska, R _eEditor |
||
| 942 |
_cBK _2ddc |
||
| 999 |
_c23945 _d23945 |
||